[Event "O Pohar mesta Ricany 2014 - OPEN A"]
[Site "Ricany"]
[Date "2014.08.29"]
[Round "8.14"]
[White "Fencl, Pavel"]
[Black "Pospisil, Evzen"]
[Result "0-1"]
[WhiteElo "1974"]
[BlackElo "2104"]
[PlyCount "132"]

1. c4 b6 2. Nc3 Bb7 3. e4 e6 4. g3 f5 5. d3 Nf6 6. Bg2 Bb4 7. Bd2 fxe4 8. Nxe4
Bxd2+ 9. Qxd2 Nxe4 10. dxe4 O-O 11. Ne2 Nc6 12. Rd1 d6 13. O-O Qf6 14. f4 Rae8
15. Nc3 a6 16. b4 Qe7 17. a3 h6 18. Ne2 e5 19. f5 Kh7 20. Qe3 Rd8 21. Nc3 Nd4
22. Nd5 Bxd5 23. cxd5 Rc8 24. Qd3 b5 25. Rc1 Qd7 26. Bh3 c5 27. dxc6 Rxc6 28.
Kg2 Rf6 29. Bg4 Qc7 30. Rxc6 Qxc6 31. Kh3 Rf8 32. Bh5 Qc4 33. Rd1 Rc8 34. Bg6+
Kg8 35. Qd2 Qc2 36. Qxc2 Rxc2 37. Rf1 Rc6 38. Kg4 Kf8 39. Kh5 Ke7 40. f6+ gxf6
41. Kxh6 Rc3 42. Bh5 Rxa3 43. Kg6 Rb3 44. Rxf6 Rxb4 45. Rf7+ Kd8 46. Bg4 a5 47.
Rd7+ Kc8 48. Rxd6+ Kc7 49. Rd7+ Kb6 50. Rd5 a4 51. Rd6+ Kb7 52. Rd7+ Kc6 53.
Rf7 a3 54. Rf1 a2 55. Ra1 Rb2 56. Bd1 Rxh2 57. g4 b4 58. Kf6 Kd6 59. g5 Rf2+
60. Kg7 b3 61. g6 Ke7 62. Kh7 Rh2+ 63. Kg8 Nc2 64. Bxc2 Rxc2 65. Kh8 Rh2+ 66.
Kg8 Rb2 0-1

[Event "O Pohar mesta Ricany 2014 - OPEN A"]
[Site "Ricany"]
[Date "2014.08.29"]
[Round "8.15"]
[White "Franek, Jan"]
[Black "Hrdina, Robin"]
[Result "0-1"]
[WhiteElo "1921"]
[BlackElo "2077"]
[PlyCount "71"]

1. e4 c5 2. Nf3 e6 3. b4 cxb4 4. d4 b6 5. a3 Ba6 6. Bxa6 Nxa6 7. O-O bxa3 8.
Bxa3 Bxa3 9. Nxa3 Nc7 10. d5 exd5 11. exd5 Nf6 12. Re1+ Kf8 13. c4 g6 14. Qd4
Kg7 15. g4 h6 16. Ne5 Rf8 17. f4 Kh7 18. Re3 Ng8 19. g5 f6 20. Nf3 fxg5 21.
fxg5 h5 22. Rae1 d6 23. Kg2 Qd7 24. Nc2 Rae8 25. h3 Ne7 26. Nh4 Nf5 27. Nxf5
Qxf5 28. Rxe8 Rxe8 29. Qf2 Qxg5+ 30. Kh2 Qf5 31. Qxf5 gxf5 32. Rxe8 Nxe8 33.
Nd4 Kg6 34. Kg3 Nc7 35. Kf4 b5 36. Nxf5 0-1

[Event "O Pohar mesta Ricany 2014 - OPEN A"]
[Site "Ricany"]
[Date "2014.08.29"]
[Round "8.16"]
[White "Skacel, Jan"]
[Black "Stojkovic, Andreja"]
[Result "1-0"]
[WhiteElo "2075"]
[BlackElo "1970"]
[PlyCount "60"]

1. c4 Nf6 2. d4 c5 3. dxc5 Na6 4. Nf3 Nxc5 5. e3 g6 6. Be2 Bg7 7. O-O O-O 8.
Nc3 d6 9. Nd4 Bd7 10. Bf3 a5 11. e4 h5 12. Be3 Ng4 13. Bxg4 hxg4 14. Re1 Kh7
15. Rc1 Rh8 16. g3 Be5 17. Qd2 Kg7 18. f4 gxf3 19. Nxf3 Bxc3 20. Qxc3+ f6 21.
Bxc5 dxc5 22. e5 Rh5 23. Rcd1 Ra6 24. e6 Rd6 25. Rxd6 exd6 26. exd7 Qxd7 27.
Qe3 Kf7 28. Qe4 Rh8 29. Qd5+ Kg7 30. Qe6 Qf7 {dale necitelne} 1-0

[Event "O Pohar mesta Ricany 2014 - OPEN A"]
[Site "Ricany"]
[Date "2014.08.29"]
[Round "8.17"]
[White "Krejci, Martin"]
[Black "Fuskova, Martina"]
[Result "1-0"]
[WhiteElo "2059"]
[BlackElo "1948"]
[PlyCount "63"]

1. e4 c5 2. Nf3 e6 3. d4 cxd4 4. Nxd4 Nf6 5. Nc3 d6 6. Be2 Be7 7. O-O O-O 8.
Be3 Nc6 9. f4 e5 10. Nf5 Bxf5 11. exf5 exf4 12. Bxf4 d5 13. Bf3 Qb6+ 14. Kh1
Qxb2 15. Nxd5 Rad8 16. c4 b5 17. Qb3 Qxb3 18. axb3 Nxd5 19. Bxd5 Nd4 20. Rxa7
Bf6 21. Rb7 Nxb3 22. Rxb5 Nd4 23. Rb7 Nxf5 24. g4 Ne7 25. Bg2 Ng6 26. Bc1 Rc8
27. g5 Bd4 28. Ba3 Bc5 29. Bxc5 Rxc5 30. Bd5 Ne5 31. Rf5 Nd3 32. Rfxf7 1-0

[Event "O Pohar mesta Ricany 2014 - OPEN A"]
[Site "Ricany"]
[Date "2014.08.29"]
[Round "8.18"]
[White "Sochor, Martin"]
[Black "Simecek, Bohumil"]
[Result "0-1"]
[WhiteElo "1867"]
[BlackElo "2058"]
[PlyCount "78"]

1. d4 Nf6 2. c4 c6 3. Nc3 d5 4. cxd5 cxd5 5. Nf3 Nc6 6. Bf4 e6 7. e3 Nh5 8. Be5
f6 9. Bg3 Qb6 10. a3 Bd7 11. Bd3 Be7 12. Rc1 a6 13. b4 Qa7 14. Na4 b6 15. Bh4
g6 16. g4 Ng7 17. Bg3 O-O 18. Nc3 f5 19. gxf5 Nxf5 20. Bf4 Rac8 21. h4 Nfxd4
22. h5 Nxf3+ 23. Qxf3 Ne5 24. Qe2 Nxd3+ 25. Qxd3 Rf5 26. hxg6 hxg6 27. Be5 Kf7
28. Rh7+ Ke8 29. Rh8+ Bf8 30. f4 Qb7 31. Kd2 Bc6 32. Rg1 Qf7 33. Qxa6 Bb7 34.
Qxb6 Rc6 35. Qb5 d4 36. Ne4 dxe3+ 37. Ke1 Qd7 38. Nd6+ Rxd6 39. Bxd6 Qxb5 0-1

[Event "O Pohar mesta Ricany 2014 - OPEN A"]
[Site "Ricany"]
[Date "2014.08.29"]
[Round "8.19"]
[White "Jandl, Vojtech"]
[Black "Vavrinec, Tomas"]
[Result "0-1"]
[WhiteElo "1881"]
[BlackElo "2044"]
[PlyCount "86"]

1. d4 c5 2. e3 g6 3. Nf3 Bg7 4. Bd3 Nf6 5. O-O O-O 6. Nbd2 b6 7. Re1 Nc6 8. c3
d6 9. Nf1 Bb7 10. a3 a5 11. e4 cxd4 12. cxd4 Rc8 13. Ng3 Nb8 14. Qe2 Nbd7 15.
h3 e5 16. dxe5 dxe5 17. Be3 Qe7 18. Rac1 Nc5 19. Bxc5 Rxc5 20. Nd2 Bh6 21. Rc4
Rd8 22. Rxc5 Qxc5 23. Nb3 Qc7 24. Bb5 Qd6 25. Qf3 Kg7 26. Qe2 Bf4 27. Nf1 Nxe4
28. g3 Bh6 29. Ne3 Ng5 30. Rd1 Qe6 31. Rxd8 Qxh3 32. Nd5 e4 33. Nf4 Qf5 34. Qc4
Nf3+ 35. Kf1 Bxf4 36. gxf4 e3 37. Qc3+ Kh6 38. Qxe3 Qxb5+ 39. Rd3 Ba6 40. f5+
g5 41. Qe7 Qxd3+ 42. Kg2 Qxf5 43. Qd6+ Kh5 0-1

[Event "O Pohar mesta Ricany 2014 - OPEN A"]
[Site "Ricany"]
[Date "2014.08.29"]
[Round "8.20"]
[White "Kubikova, Hana"]
[Black "Hadrava, Jaroslav"]
[Result "1/2-1/2"]
[WhiteElo "2172"]
[BlackElo "1918"]
[PlyCount "164"]

1. d4 d5 2. Nf3 e6 3. g3 c5 4. Bg2 Nc6 5. O-O Nf6 6. a3 Ne4 7. c4 cxd4 8. Nxd4
Be7 9. cxd5 exd5 10. Be3 O-O 11. Nd2 Nxd2 12. Nxc6 bxc6 13. Qxd2 Bb7 14. Rac1
Re8 15. Rfd1 a5 16. Bd4 f5 17. Qc3 Bf6 18. Bxf6 Qxf6 19. Qxf6 gxf6 20. e3 Kf7
21. Rd4 Ra6 22. Rc5 Rea8 23. Bf1 Rb6 24. b4 axb4 25. Rxb4 Rxb4 26. axb4 Ra1 27.
Kg2 Ba6 28. b5 Bxb5 29. Bxb5 Ra5 30. Rxc6 Rxb5 31. Rc7+ Kg6 32. Rd7 Ra5 33. Rb7
h6 34. Rb4 Rc5 35. Rd4 Ra5 36. Kf3 Rb5 37. Rd2 Ra5 38. Ke2 Kg5 39. h3 h5 40.
Rd4 Rb5 41. h4+ Kg6 42. Rd2 Ra5 43. Kd3 Rb5 44. Kc3 Kf7 45. Kd4 Kg6 46. Ra2 Kg7
47. Kc3 Kg6 48. Ra4 Rc5+ 49. Kd3 Rb5 50. Rf4 Rc5 51. Kd4 Ra5 52. Kc3 Rb5 53.
Rb4 Rc5+ 54. Kb3 Kf7 55. Rb7+ Kg6 56. Rd7 Rb5+ 57. Kc3 Ra5 58. Rb7 Rc5+ 59. Kd3
Ra5 60. Ke2 Rc5 61. Rb2 Ra5 62. Kd3 Rc5 63. Kd4 Ra5 64. Kc3 Kf7 65. Kb4 Ra7 66.
Kc5 Ke6 67. Rb6+ Ke5 68. f4+ Ke4 69. Re6+ Kf3 70. Rxf6 Kxg3 71. Rxf5 Kxh4 72.
Rg5 Ra4 73. Rxd5 Ra5+ 74. Kd4 Rxd5+ 75. Kxd5 Kg4 76. Ke5 h4 77. f5 h3 78. f6 h2
79. f7 h1=Q 80. f8=Q Qa1+ 81. Ke4 Qb1+ 82. Kd4 Qd1+ 1/2-1/2

[Event "O Pohar mesta Ricany 2014 - OPEN A"]
[Site "Ricany"]
[Date "2014.08.29"]
[Round "8.21"]
[White "Kohout, Vratislav"]
[Black "Havelka, Petr"]
[Result "1-0"]
[WhiteElo "2119"]
[BlackElo "1882"]
[PlyCount "81"]

1. d4 d5 2. Nf3 Nf6 3. Bf4 e6 4. Nbd2 Nbd7 5. e3 b6 6. Bd3 Bb7 7. Ne5 c5 8. c3
Be7 9. Qf3 c4 10. Bc2 Nxe5 11. dxe5 Nd7 12. Qh5 g6 13. Qh6 Bf8 14. Qh3 g5 15.
Bg3 h5 16. Bd1 h4 17. f4 Bh6 18. fxg5 Qxg5 19. Bf4 Qe7 20. Nf3 Nc5 21. Bc2
O-O-O 22. O-O-O Bc6 23. Nd4 Bd7 24. Rhf1 Rdf8 25. g4 Bg5 26. Kb1 a6 27. Nf3
Bxf4 28. exf4 Kc7 29. Rde1 f5 30. exf6 Qxf6 31. Ne5 Be8 32. Qe3 Ba4 33. Bxa4
Nxa4 34. f5 Nc5 35. g5 Qd8 36. Ng6 Nd3 37. Nxf8 Rxf8 38. fxe6 Qe7 39. Rxf8 Qxf8
40. Rg1 Qf5 41. Ka1 1-0

[Event "O Pohar mesta Ricany 2014 - OPEN A"]
[Site "Ricany"]
[Date "2014.08.29"]
[Round "8.22"]
[White "Petras, Milan"]
[Black "Berg, Antonin"]
[Result "1/2-1/2"]
[WhiteElo "2046"]
[BlackElo "1853"]
[PlyCount "54"]

1. d4 d5 2. Nf3 Nf6 3. Bf4 Nbd7 4. e3 e6 5. Bd3 Be7 6. Nbd2 c5 7. c3 Qb6 8. Rb1
O-O 9. Ne5 Nxe5 10. dxe5 Ne8 11. h4 Bd7 12. Bxh7+ Kxh7 13. Qh5+ Kg8 14. Nf3 Qa6
15. Rd1 Bb5 16. e4 Bd3 17. Rxd3 Qxd3 18. Ng5 Bxg5 19. hxg5 Qb1+ 20. Ke2 Qxh1
21. Qxh1 dxe4 22. g3 Nc7 23. c4 g6 24. Qxe4 b6 25. Qb7 Rfc8 26. a4 Ne8 27. b3
Rab8 1/2-1/2

[Event "O Pohar mesta Ricany 2014 - OPEN A"]
[Site "Ricany"]
[Date "2014.08.29"]
[Round "8.24"]
[White "Kaiser, Rudolf"]
[Black "Kolasin, Jan"]
[Result "0-1"]
[WhiteElo "1925"]
[BlackElo "2008"]
[PlyCount "62"]

1. f4 d5 2. Nf3 c5 3. e3 Nc6 4. Bb5 Bd7 5. O-O e6 6. Bxc6 Bxc6 7. d3 Bd6 8. Qe1
Ne7 9. e4 O-O 10. Nc3 Qb8 11. e5 Bc7 12. g4 b5 13. Ne2 d4 14. Ng3 Qb7 15. Ne4
Bxe4 16. dxe4 Rad8 17. f5 exf5 18. gxf5 Nc6 19. e6 fxe6 20. Ng5 exf5 21. Ne6
Rf6 22. Nxd8 Rg6+ 23. Kf2 Bxd8 24. Ke2 fxe4 25. Bf4 e3 26. Rg1 Rf6 27. Qg3 Qf7
28. Raf1 Qc4+ 29. Ke1 Ba5+ 30. c3 Bxc3+ 31. bxc3 Qxc3+ 0-1

[Event "O Pohar mesta Ricany 2014 - OPEN A"]
[Site "Ricany"]
[Date "2014.08.29"]
[Round "8.25"]
[White "Pychova, Nela"]
[Black "Civin, Dominik"]
[Result "1-0"]
[WhiteElo "2006"]
[BlackElo "1601"]
[PlyCount "129"]

1. c4 c5 2. Nc3 Nc6 3. g3 g6 4. Bg2 Bg7 5. Nf3 e5 6. d3 Nge7 7. O-O O-O 8. Rb1
f5 9. Bd2 d6 10. a3 Rb8 11. b4 Qd7 12. Qc1 b6 13. Bh6 Bb7 14. Bxg7 Kxg7 15. Qb2
Kg8 16. Ne1 f4 17. Nf3 Nd4 18. Nxd4 cxd4 19. Ne4 d5 20. cxd5 Bxd5 21. Rbc1 Rbc8
22. Rxc8 Nxc8 23. Rc1 Bxe4 24. Qb3+ Kg7 25. Bxe4 Ne7 26. b5 Rc8 27. Rxc8 Qxc8
28. Qb4 Qd7 29. Qc4 fxg3 30. hxg3 Qc8 31. Qa4 Qd7 32. Qa6 Kf6 33. Bb7 Nf5 34.
Qxa7 Qxb5 35. Qb8 Kg5 36. Qd8+ Kh6 37. Qf6 Qc5 38. Bf3 Qd6 39. Qh8 Qc7 40. Kg2
Qe7 41. Kh3 Ng7 42. Qb8 Qf6 43. Qb7 Ne6 44. Kg2 Nc5 45. Qb8 Ne6 46. Qb7 Nc5 47.
Qc7 Ne6 48. Qc6 Kg5 49. Qxb6 h5 50. Qc6 h4 51. Bd5 h3+ 52. Kxh3 Qxf2 53. Qxe6
Qf1+ 54. Bg2 Qxe2 55. Qe7+ Kh6 56. a4 Qxd3 57. Qxe5 Qd1 58. a5 d3 59. Qf4+ g5
60. Qf6+ Kh5 61. Qf7+ Kh6 62. Be4 Qh1+ 63. Bxh1 g4+ 64. Kxg4 d2 65. Qd5 1-0

[Event "O Pohar mesta Ricany 2014 - OPEN A"]
[Site "Ricany"]
[Date "2014.08.29"]
[Round "8.26"]
[White "Aubrecht, Petr"]
[Black "Skala, Jaromir"]
[Result "0-1"]
[WhiteElo "1539"]
[BlackElo "2006"]
[PlyCount "74"]

1. e4 e5 2. Nf3 Nc6 3. Bb5 a6 4. Ba4 Nf6 5. Nc3 d6 6. h3 Be7 7. d4 exd4 8. Nxd4
Bd7 9. Nxc6 bxc6 10. O-O O-O 11. Bf4 Kh8 12. e5 Ne8 13. exd6 cxd6 14. Qd2 d5
15. Rfe1 Bc5 16. Be3 Bd6 17. Bf4 Qf6 18. Bxd6 Nxd6 19. Nxd5 cxd5 20. Bxd7 Ne4
21. Qe3 Rad8 22. Ba4 Qxb2 23. Bb3 f5 24. Rab1 Qf6 25. Rbd1 d4 26. Qf4 Qb6 27.
Rd3 Qc5 28. f3 Qb4 29. Rf1 Nc3 30. Rf2 Qc5 31. Kh2 Rfe8 32. Rfd2 Ne2 33. Qh4
Qe5+ 34. g3 f4 35. g4 Ng3 36. Rg2 Qe1 37. Rxg3 Qf2+ 0-1

[Event "O Pohar mesta Ricany 2014 - OPEN A"]
[Site "Ricany"]
[Date "2014.08.29"]
[Round "8.28"]
[White "Lacha, Jan"]
[Black "Koper, Stefan"]
[Result "1/2-1/2"]
[WhiteElo "1827"]
[BlackElo "1954"]
[PlyCount "53"]

1. e4 c6 2. d4 d5 3. e5 Bf5 4. h4 e6 5. g4 Be7 6. gxf5 exf5 7. h5 h6 8. Nc3 Bg5
9. Nf3 f6 10. Bd3 Ne7 11. Nxg5 fxg5 12. f4 g4 13. Be3 Nd7 14. Bd2 O-O 15. Ne2
b5 16. a3 Nb6 17. b3 a5 18. Ng3 a4 19. b4 Qd7 20. Ne2 Qe6 21. Ng3 Kh8 22. Rg1
Nc4 23. Bc1 Nd6 24. Nxf5 Ndxf5 25. Qxg4 Rf7 26. Bxf5 Qxf5 27. Qxf5 1/2-1/2

[Event "O Pohar mesta Ricany 2014 - OPEN A"]
[Site "Ricany"]
[Date "2014.08.29"]
[Round "8.30"]
[White "Prochazka, Petr"]
[Black "Forman, Miroslav"]
[Result "1-0"]
[WhiteElo "1841"]
[BlackElo "1926"]
[PlyCount "63"]

1. e4 e6 2. d4 c5 3. Nf3 cxd4 4. Nxd4 Nc6 5. Nc3 d6 6. Bc4 Nf6 7. Be3 a6 8. Bb3
Bd7 9. Qe2 b5 10. a3 Rc8 11. Nxc6 Rxc6 12. f3 Qc7 13. O-O Be7 14. Rac1 O-O 15.
Nd5 Qd8 16. Nxe7+ Qxe7 17. Bg5 Rc5 18. f4 h6 19. Bh4 g5 20. Bf2 d5 21. exd5
Nxd5 22. fxg5 Nf4 23. Qd2 hxg5 24. Bxc5 Qxc5+ 25. Kh1 Bc6 26. Rxf4 gxf4 27.
Qxf4 Qh5 28. c3 e5 29. Qf6 Be4 30. Re1 Qg4 31. Qf2 Kh7 32. Rxe4 1-0

[Event "O Pohar mesta Ricany 2014 - OPEN A"]
[Site "Ricany"]
[Date "2014.08.29"]
[Round "8.31"]
[White "Horyna, Josef"]
[Black "Vecera, Petr"]
[Result "0-1"]
[WhiteElo "1854"]
[BlackElo "2045"]
[PlyCount "106"]

1. d4 Nf6 2. Bg5 e6 3. Nf3 Be7 4. e3 b6 5. Bd3 Bb7 6. O-O O-O 7. Nbd2 Nc6 8. c3
Nd5 9. Bxe7 Ncxe7 10. Rc1 f5 11. g3 Nf6 12. c4 Ng6 13. Ng5 h6 14. Nh3 Nh7 15.
f4 Nf6 16. Nf2 h5 17. e4 Ng4 18. Nxg4 hxg4 19. Qe2 Qf6 20. e5 Qe7 21. a3 c5 22.
Qf2 d6 23. dxc5 dxe5 24. cxb6 Qd6 25. Rc3 Qc6 26. Qe2 Qxb6+ 27. c5 Qxb2 28. Nb1
Qxe2 29. Bxe2 exf4 30. c6 Bc8 31. gxf4 Rd8 32. Rd3 Rxd3 33. Bxd3 Ne7 34. Bb5
Rb8 35. Nc3 a6 36. Ba4 Rb6 37. Rd1 Kf7 38. Rd8 a5 39. c7 Ba6 40. Be8+ Kf6 41.
Bd7 Rb3 42. Rf8+ Kg6 43. Na4 Rb1+ 44. Kf2 Rc1 45. Bxe6 Rxc7 46. Ra8 Rc6 47. Bd7
Rc2+ 48. Ke1 Bc4 49. Be8+ Kf6 50. Rxa5 Nd5 51. Bb5 Bxb5 52. Rxb5 Nxf4 53. Nc5
Rxc5 0-1

[Event "O Pohar mesta Ricany 2014 - OPEN A"]
[Site "Ricany"]
[Date "2014.08.29"]
[Round "8.32"]
[White "Postupa st., Pavel"]
[Black "Vorisek, Jakub"]
[Result "1-0"]
[WhiteElo "1981"]
[BlackElo "1616"]
[PlyCount "53"]

1. e4 e5 2. Nf3 Nc6 3. Bb5 a6 4. Ba4 Nf6 5. O-O Nxe4 6. d4 b5 7. Bb3 d5 8. dxe5
Be6 9. c3 Nc5 10. Bc2 Be7 11. h3 O-O 12. Nbd2 Qd7 13. Nb3 Rfd8 14. Nfd4 Nxd4
15. Nxd4 Nb7 16. f4 c5 17. Nxe6 Qxe6 18. Re1 d4 19. Be4 Qb6 20. e6 fxe6 21. Qh5
Bf6 22. Qxh7+ Kf7 23. f5 e5 24. g4 Rg8 25. g5 Be7 26. Bd5+ Kf8 27. Qxg8# 1-0

[Event "O Pohar mesta Ricany 2014 - OPEN A"]
[Site "Ricany"]
[Date "2014.08.29"]
[Round "8.33"]
[White "Zlamana, Anna"]
[Black "Hanl, Frantisek"]
[Result "0-1"]
[WhiteElo "1565"]
[BlackElo "1972"]
[PlyCount "64"]

1. e4 c5 2. Nf3 g6 3. d4 cxd4 4. Nxd4 Bg7 5. Be3 Nc6 6. c4 d6 7. Nc3 Nf6 8. Be2
O-O 9. O-O e6 10. Kh1 a6 11. f4 Qc7 12. b3 Rd8 13. Bf3 Bd7 14. Rg1 Nxd4 15.
Bxd4 Bc6 16. g4 e5 17. Be3 exf4 18. Bxf4 Nxg4 19. Rxg4 Bxc3 20. Rc1 Be5 21. Bg5
Rf8 22. Bh6 Rfe8 23. Qd3 Qe7 24. Bg5 Bf6 25. Bxf6 Qxf6 26. Rd1 Qe6 27. Qxd6 f5
28. Rf4 Qxd6 29. Rxd6 fxe4 30. Be2 Rad8 31. Rxd8 Rxd8 32. Rf1 Rd2 0-1

[Event "O Pohar mesta Ricany 2014 - OPEN A"]
[Site "Ricany"]
[Date "2014.08.29"]
[Round "8.34"]
[White "Vrtiakova, Anna"]
[Black "Pivonka, Michael"]
[Result "1-0"]
[WhiteElo "1954"]
[BlackElo "1612"]
[PlyCount "53"]

1. e4 c5 2. Nf3 Nc6 3. Bb5 e6 4. O-O d5 5. exd5 exd5 6. Re1+ Be6 7. d4 h6 8.
Nc3 Nf6 9. Ne5 Rc8 10. Qe2 Be7 11. dxc5 Nd7 12. Bxc6 bxc6 13. Nxd7 Qxd7 14. b4
Bf6 15. Bb2 Qb7 16. Rab1 O-O 17. a3 Rfe8 18. Qd3 Re7 19. Na4 Bxb2 20. Nxb2 Rce8
21. h3 Qd7 22. Qd2 Bf5 23. Nd3 Re4 24. f3 R4e6 25. Rxe6 Rxe6 26. Re1 Rg6 27.
Ne5 1-0

[Event "O Pohar mesta Ricany 2014 - OPEN A"]
[Site "Ricany"]
[Date "2014.08.29"]
[Round "8.35"]
[White "Zizka, Petr"]
[Black "Pavlicek, Petr"]
[Result "0-1"]
[WhiteElo "1624"]
[BlackElo "1894"]
[PlyCount "44"]

1. e4 e5 2. Nf3 Nc6 3. Bb5 a6 4. Bxc6 dxc6 5. O-O f6 6. Nc3 Bc5 7. d3 Ne7 8.
Re1 Bg4 9. h3 Bh5 10. g4 Bf7 11. Be3 Bxe3 12. Rxe3 c5 13. Qe2 Qd7 14. Nd2 O-O-O
15. Rb1 Nc6 16. a3 h5 17. f3 hxg4 18. fxg4 Rh4 19. Qg2 Rdh8 20. Nf3 Rxh3 21.
Nxe5 Qd4 22. Nd1 Rxe3 0-1

[Event "O Pohar mesta Ricany 2014 - OPEN A"]
[Site "Ricany"]
[Date "2014.08.29"]
[Round "8.37"]
[White "Petr, Jakub"]
[Black "Grecny, Karol"]
[Result "0-1"]
[WhiteElo "1657"]
[BlackElo "1888"]
[PlyCount "110"]

1. e4 e6 2. d4 d5 3. Nd2 c5 4. Ngf3 Nf6 5. e5 Nfd7 6. c3 b6 7. Bd3 Ba6 8. Bxa6
Nxa6 9. O-O Be7 10. Re1 h6 11. Nf1 Qc7 12. c4 O-O-O 13. cxd5 exd5 14. Bf4 Qc6
15. Ne3 g6 16. dxc5 bxc5 17. Nxd5 Rhe8 18. Nxe7+ Rxe7 19. Qd6 Qxd6 20. exd6
Rxe1+ 21. Rxe1 g5 22. Bg3 Nb4 23. a3 Nc6 24. h4 f6 25. hxg5 hxg5 26. Rb1 Kb7
27. Kf1 Kb6 28. Re1 Kb5 29. Re6 Kc4 30. Re3 Rb8 31. b3+ Kd5 32. Ke2 g4 33. Nd2
f5 34. Bf4 Nd4+ 35. Kd1 Ne6 36. Rd3+ Kc6 37. Bg3 f4 38. Bh4 Ne5 39. Rc3 Kxd6
40. g3 Rf8 41. gxf4 Ng6 42. Bg3 Kd5 43. Rd3+ Nd4 44. Nc4 Nxf4 45. Re3 Nxb3 46.
Nb6+ axb6 47. Rxb3 Kc6 48. Kd2 Nd5 49. Ke2 c4 50. Rb2 Rf3 51. Rc2 Kb5 52. a4+
Kb4 53. Bd6+ Kb3 54. Kd1 Nc3+ 55. Kc1 Nxa4 0-1

[Event "O Pohar mesta Ricany 2014 - OPEN A"]
[Site "Ricany"]
[Date "2014.08.29"]
[Round "8.38"]
[White "Vystrcil, Martin"]
[Black "Vorsilka, Jiri"]
[Result "1/2-1/2"]
[WhiteElo "1803"]
[BlackElo "1691"]
[PlyCount "85"]

1. e4 Nf6 2. e5 Nd5 3. d4 d6 4. Nf3 Bg4 5. exd6 exd6 6. h3 Bh5 7. Bc4 Nb6 8.
Bb3 Be7 9. Be3 O-O 10. Nc3 N8d7 11. Qe2 c5 12. dxc5 dxc5 13. g4 Bg6 14. O-O-O
Qc7 15. Nd5 Nxd5 16. Bxd5 Nb6 17. Rhe1 Nxd5 18. Rxd5 Be4 19. Rd2 c4 20. Bd4
Bxf3 21. Qxe7 Qxe7 22. Rxe7 Rfe8 23. Bc5 b6 24. Ba3 Bc6 25. Rde2 a5 26. Rxe8+
Rxe8 27. Rxe8+ Bxe8 28. Bd6 b5 29. a4 bxa4 30. Kd2 Bc6 31. Ke3 Bd5 32. Kd4 Be6
33. Kc3 f5 34. f3 Kf7 35. Bc7 Ke7 36. Bxa5 Kd6 37. Kb4 Ke5 38. Bc7+ Kd5 39.
Kxa4 Kc5 40. b4+ cxb3 41. cxb3 Kd4 42. gxf5 Bxf5 43. h4 1/2-1/2

[Event "O Pohar mesta Ricany 2014 - OPEN A"]
[Site "Ricany"]
[Date "2014.08.29"]
[Round "8.40"]
[White "Sadil, Jan"]
[Black "Stankova, Zuzana"]
[Result "1/2-1/2"]
[WhiteElo "1722"]
[BlackElo "1511"]
[PlyCount "90"]

1. d4 d5 2. c4 e5 3. dxe5 d4 4. a3 Nc6 5. e3 Be6 6. exd4 Qxd4 7. Nd2 Bc5 8. Qe2
Qxe5 9. Ngf3 Qxe2+ 10. Bxe2 Nd4 11. Nxd4 Bxd4 12. O-O O-O-O 13. Nf3 Bf6 14. Ng5
h5 15. Nxe6 fxe6 16. Rb1 c5 17. Be3 Bd4 18. Bxd4 cxd4 19. Rfd1 e5 20. Bf3 Nf6
21. Re1 Rhe8 22. Be4 d3 23. Rbd1 d2 24. Bf5+ Kc7 25. Re2 Rd4 26. Rexd2 Rxc4 27.
f3 g5 28. Re2 g4 29. fxg4 hxg4 30. Rde1 Kd6 31. Re3 Nd5 32. Re4 Rxe4 33. Bxe4
Kc5 34. Kf2 Kd4 35. Kg3 Rf8 36. Bxd5 Kxd5 37. Kxg4 Rf4+ 38. Kg3 Ke6 39. h4 Kf5
40. h5 e4 41. h6 Rg4+ 42. Kh3 Kg5 43. Re3 Rh4+ 44. Kg3 Rg4+ 45. Kh2 Kxh6
1/2-1/2

[Event "O Pohar mesta Ricany 2014 - OPEN A"]
[Site "Ricany"]
[Date "2014.08.29"]
[Round "8.41"]
[White "Helebrand, Frantisek"]
[Black "Chromovsky, Hynek"]
[Result "1-0"]
[WhiteElo "1546"]
[BlackElo "1815"]
[PlyCount "77"]

1. d4 Nf6 2. c4 d5 3. Nc3 c6 4. Nf3 g6 5. Bg5 Bg7 6. e3 dxc4 7. Bxc4 Nbd7 8.
O-O O-O 9. Qc2 Nb6 10. Bb3 Bf5 11. Qe2 Ne4 12. Nxe4 Bxe4 13. Nd2 Bd5 14. Bxd5
Qxd5 15. Nf3 e6 16. Rfc1 f6 17. Bf4 Qd7 18. Rd1 Rae8 19. Qc2 Qe7 20. a3 e5 21.
dxe5 fxe5 22. Bg3 Qe6 23. Bh4 h6 24. Bg3 Rf5 25. Nh4 Rg5 26. Nf3 Rg4 27. b3 Kh7
28. h3 Rxg3 29. fxg3 Nd5 30. Qd2 e4 31. Nd4 Qd6 32. Rac1 Qxg3 33. Re1 Be5 34.
Qf2 Qh2+ 35. Kf1 Kg7 36. Qg1 Rf8+ 37. Ke2 Qg3 38. Ne6+ Kg8 39. Nxf8 1-0

[Event "O Pohar mesta Ricany 2014 - OPEN A"]
[Site "Ricany"]
[Date "2014.08.29"]
[Round "8.43"]
[White "Korsa, Jiri"]
[Black "Kalvach, Ladislav"]
[Result "1-0"]
[WhiteElo "1695"]
[BlackElo "1924"]
[PlyCount "87"]

1. e4 c5 2. Nc3 Nc6 3. g4 e6 4. d3 d5 5. Bg2 Nge7 6. h3 d4 7. Nce2 Ng6 8. Nf3
Nh4 9. Nxh4 Qxh4 10. Bf4 Qd8 11. Bh2 Bd6 12. f4 e5 13. Qd2 h5 14. g5 exf4 15.
Bxf4 Be6 16. h4 Qc7 17. O-O Ne5 18. Bxe5 Bxe5 19. Nf4 O-O-O 20. Rf2 Bxf4 21.
Qxf4 Qxf4 22. Rxf4 Rd6 23. Kh2 b5 24. Bh3 Bxh3 25. Kxh3 Rf8 26. Raf1 Rd7 27. g6
f6 28. Rf5 Rc7 29. Rxh5 a6 30. Rff5 c4 31. Rc5 cxd3 32. cxd3 Rd8 33. Rxc7+ Kxc7
34. Rc5+ Kb6 35. b4 a5 36. Rd5 Rc8 37. Rd6+ Kb7 38. Rd7+ Kb6 39. bxa5+ Kxa5 40.
Rxg7 Rc3 41. Rd7 Rxd3+ 42. Kg2 Rd2+ 43. Kf3 Rxa2 44. Ra7+ 1-0

[Event "O Pohar mesta Ricany 2014 - OPEN A"]
[Site "Ricany"]
[Date "2014.08.29"]
[Round "8.44"]
[White "Konvalinka, Vladislav"]
[Black "Cabart, Pavel"]
[Result "1-0"]
[WhiteElo "1860"]
[BlackElo "1713"]
[PlyCount "77"]

1. d4 Nf6 2. c4 e5 3. dxe5 Ng4 4. Nc3 Nxe5 5. Bf4 Nbc6 6. e3 Bb4 7. Qb3 d6 8.
Be2 O-O 9. Nf3 a5 10. O-O Nxf3+ 11. Bxf3 Ne5 12. Be4 Bxc3 13. Qxc3 Qe7 14. Qc2
h6 15. Rac1 c6 16. Qb1 f5 17. Bxe5 dxe5 18. Bf3 e4 19. Be2 Qe5 20. Rc3 a4 21.
a3 Be6 22. Qc1 g5 23. g3 Kh7 24. c5 Rg8 25. Kh1 Bd5 26. Bc4 Rad8 27. Bxd5 Rxd5
28. Rc4 Rgd8 29. Kg2 Rd2 30. Qc3 Qd5 31. Rb4 Rd7 32. Rxa4 Rd1 33. Rxd1 Qxd1 34.
Rd4 Qf3+ 35. Kg1 Rd5 36. Qd2 Rxc5 37. Rd7+ Kg8 38. Rd8+ Kf7 39. Qd7+ 1-0

[Event "O Pohar mesta Ricany 2014 - OPEN A"]
[Site "Ricany"]
[Date "2014.08.29"]
[Round "8.45"]
[White "Lhotsky, Zdenek Ml."]
[Black "Skvaril, Michal"]
[Result "1/2-1/2"]
[WhiteElo "1601"]
[BlackElo "1730"]
[PlyCount "50"]

1. e4 e5 2. Nf3 Nc6 3. Bb5 a6 4. Ba4 Nf6 5. O-O b5 6. Bb3 Bc5 7. c3 d6 8. Re1
O-O 9. d4 exd4 10. cxd4 Bb4 11. Bd2 Bxd2 12. Nbxd2 Ne7 13. Nf1 Bb7 14. Ng3 c5
15. Bc2 Ng6 16. Rc1 Re8 17. Bb1 Rc8 18. a3 Qb6 19. d5 Nd7 20. b3 Rc7 21. Qd3
Nge5 22. Nxe5 Nxe5 23. Qe3 g6 24. h4 h5 25. Qg5 Kh7 1/2-1/

[Event "O Pohar mesta Ricany 2014 - OPEN A"]
[Site "Ricany"]
[Date "2014.08.29"]
[Round "8.47"]
[White "Trochta, Vojtech"]
[Black "Benes, Karel"]
[Result "1-0"]
[WhiteElo "1744"]
[BlackElo "1669"]
[PlyCount "59"]

1. e4 e5 2. Nf3 Nc6 3. d4 exd4 4. Nxd4 Qf6 5. Be3 a6 6. Bc4 Ne5 7. Be2 d6 8. f4
Ng6 9. O-O c5 10. f5 Ne5 11. Nb3 Nc6 12. Nc3 Qd8 13. a4 Be7 14. Bf4 Nf6 15. g4
h6 16. Qd2 b6 17. Rad1 Ne5 18. Qe3 Qc7 19. Bxe5 dxe5 20. Nd2 Bb7 21. Nc4 O-O
22. h4 Nh7 23. Qg3 f6 24. Ne3 Kh8 25. Ned5 Bxd5 26. Nxd5 Qb7 27. Qb3 Rab8 28.
Bxa6 Qxa6 29. Nxe7 b5 30. Ng6# 1-0